000 01331nam a2200337 a 4500
001 000113998
003 CHAP
005 20220329144423.0
008 171017s2017 mx a fsm |||||||spa d
010 _a110459
011 _a111431
040 _cCHAP
090 _aTesis
100 1 _aHernández Rodríguez, Marisol
_9125676
245 1 0 _aPrecios económicos de paridad de importación de la cebada y de los insumos agrícolas para su producción en el Estado de Tlaxcala, 2016
_h[En línea]
_cpor Marisol Hernández Rodríguez.
260 _aChapingo, Méx. :
_bEl autor,
_c2017.
500 _aPara ver el contenido del material haga clic en la liga
502 _aTesis (M. C. en Economía Agrícola y de los Recursos Naturales) -- UACH. División de Ciencias Económico-Administrativas
590 _aE11695DGD
_b10
_c20171020
_lUCH01
_h1002
590 _aE8697GMM
_b05
_c20171017
_lUCH01
_h1154
590 _aE8697GMM
_b05
_c20171017
_lUCH01
_h1156
590 _aE8697GMM
_b05
_c20171017
_lUCH01
_h1437
650 1 4 _aCebada
_xImportación
_zE.U.A.
_9132389
650 1 4 _aCebada
_xMercadeo.
_920696
650 1 4 _aCebada
_xProducción
_zTlaxcala.
_9133829
650 1 4 _aCebada
_xRendimiento.
_920707
856 _aFinding aid
_uhttp://10.13.5.2/tesis/sist113998.pdf
_zTeclea aquí
901 _aBK
942 _cTESIS
942 _n0
999 _c110459
_d110459